Normal view
MARC view
- LEADERSHIP BY THE BOOK
Entry Topical Term
001 - CONTROL NUMBER
- control field: 56576
003 - CONTROL NUMBER IDENTIFIER
- control field: NUST
005 - DATE AND TIME OF LATEST TRANSACTION
- control field: 20210628201730.0
008 - FIXED-LENGTH DATA ELEMENTS
- fixed length control field: 210628|| aca||aabn | a|a d
040 ## - CATALOGING SOURCE
- Original cataloging agency: NUST
- Transcribing agency: NUST
150 ## - HEADING--TOPICAL TERM
- Topical term or geographic name entry element: LEADERSHIP BY THE BOOK
670 ## - SOURCE DATA FOUND
- Source citation: Work cat.: (NUST): Blanchard, Ken 56575, Leadership by the book,tools to transform your workplace, 1999
